Misia /

Guardat en:
Dades bibliogràfiques
Autor principal: Sert, Misia, (1872-1950) (Autor)
Altres autors: Marotta, Nancy (Traductor)
Format: Llibre
Idioma:italià
Publicat: Milano : Adelphi, 1981
Col·lecció:Piccola biblioteca Adelphi ; 124
Matèries:
Etiquetes: Afegir etiqueta
Sense etiquetes, Sigues el primer a etiquetar aquest registre!

MARC

LEADER 00000nam a22000007i 4500
001 IT\ICCU\SBL\0349716
003 ItRI
005 20251110171921.0
008 910930s1981 it |||||| ||||| |||||c
015 |2 IT  |a 837897 
020 |a 8845904717 
040 |b ita  |c Arcigay Viterbo 
041 7 |a ita  |2 ISO-639-2 
082 |a 920.72  |2 18 
100 1 |a Sert, Misia,  |d  (1872-1950)  |0 IT\ICCU\RAVV\082308  |4 aut 
240 1 0 |a Misia  |9 Sert, Misia <1872-1950> 
245 1 0 |a Misia /  |c di Misia Sert. 
260 |a Milano :  |b Adelphi,  |c 1981 
300 |a 241 p. :  |b 1 ritratto ;  |c 18 cm 
500 |a Traduzione di Nancy Marotta 
650 7 |a Sert, Misia  |x Autobiografia  |2 scbi 
700 1 |a Marotta, Nancy  |0 IT\ICCU\VIAV\137459  |4 trl 
830 0 |a Piccola biblioteca Adelphi ;  |v 124  |0 IT\ICCU\CFI\0003745 
942 |2 ddc  |c BK  |n 0 
952 |0 0  |1 0  |2 ddc  |4 0  |6 ADE_MIS_MIS  |7 0  |9 9870  |a VT  |b VT  |d 2025-11-10  |e Donazione Biblioteca Consorziale di Viterbo  |i B480  |l 0  |o ADE MIS MIS  |p B480  |r 2025-11-10 17:19:47  |w 2025-11-10  |y BK  |z Donazione Biblioteca Consorziale di Viterbo 
981 1 |6 z01  |a i   |b xxxe  
982 1 |6 z01  |a n 
999 |c 8231  |d 8231